Flight or fright : 17 turbulent tales

Bibliographic Details
Other Authors: King, Stephen, Vincent, Bev
Format: Book
Published: London : Hodder & Stoughton Ltd , 2018
Subjects:

MARC

LEADER 00000cam a2200000 7i4500
001 0000278573
005 20201210081957.0
020 |a 9781473691582 
090 0 |a F   |b FLI 
245 0 0 |a Flight or fright :   |b 17 turbulent tales   |c edited by Stephen King and Bev Vincent 
260 |a London :   |b Hodder & Stoughton Ltd ,   |c 2018 
300 |a 334p. ;   |c 20cm. 
650 0 |a Fiction 
700 1 |a King, Stephen 
700 1 |a Vincent, Bev 
999 |a 00385723   |b BUKU   |c PINJAMAN   |e PERPUSTAKAAN KOMUNITI PETALING JAYA